00415 2200169 4500001002100000005001500021035002000036245002900056100001500085250001700100300003300117260003000150082001000180084001600190020002200206650001700228INLIS00000000000064120240827091001 a0010-08240001591 aSerba Bisa /cSeno Subro0 aSeno Subro acetakan ke-1 aiii, 42 hlm :bIlus ;c22 cm aSolo :bCV. Deriko,c2007 a745.5 a745.5 SEN s a978-979-1423-05-2 4aKeterampilan